000 00654cam a2200217 4500500
005 20260405000838.0
041 _afre
042 _adc
100 1 0 _aCerf, Juliette
_eauthor
245 0 0 _aPascal Quignard: “La philosophie, c’est du happy end assuré ”
260 _c2009.
500 _a53
690 _aCulture
690 _aDescartes
690 _aÉcriture
690 _aÉtude
690 _aLevinas
690 _aPascal Quignard
786 0 _nPhilosophie magazine | 34 | 11 | 2009-11-01 | p. 31-33 | 1951-1787
856 4 1 _uhttps://shs.cairn.info/magazine-philosophie-magazine-2009-11-page-31?lang=fr&redirect-ssocas=7080
999 _c2041366
_d2041366